[Event "BOL-ch (Women)"]
[Site "Oruro"]
[Date "2024.04.07"]
[Round "7"]
[White "Cordero, Daniela"]
[Black "Gareca Ordonez, Carla Angelica"]
[Result "1/2-1/2"]
[WhiteElo "2009"]
[BlackElo "1748"]
[PlyCount "39"]
[EventDate "2024.04.03"]
[EventType "tourn"]
[EventRounds "7"]
[EventCountry "BOL"]
[SourceTitle "CB16_2024"]
[SourceDate "2024.04.17"]
[SourceVersion "1"]
[SourceVersionDate "2024.04.17"]
[SourceQuality "1"]

1. d4 Nf6 2. Nf3 c5 3. d5 g6 4. Nc3 Bg7 5. e4 d6 6. Be2 0-0 7. 0-0 e6 8. dxe6 Bxe6 9. Bg5 Qb6 10. Qc1 Ng4 11. Rd1 c4 12. Rf1 h6 13. Bf4 g5 14. Bg3 Nd7 15. Rd1 Nde5 16. Ne1 Rfd8 17. h3 Nf6 18. h4 Nc6 19. Kh1 Rac8 20. Rd2 1/2-1/2

[Event "BOL-ch (Women)"]
[Site "Oruro"]
[Date "2024.04.06"]
[Round "5"]
[White "Gareca Ordonez, Carla Angelica"]
[Black "Kilibarda Acebey, Veroska Isabela"]
[Result "1/2-1/2"]
[WhiteElo "1748"]
[BlackElo "1719"]
[PlyCount "86"]
[EventDate "2024.04.03"]
[EventType "tourn"]
[EventRounds "7"]
[EventCountry "BOL"]
[SourceTitle "CB16_2024"]
[SourceDate "2024.04.17"]
[SourceVersion "1"]
[SourceVersionDate "2024.04.17"]
[SourceQuality "1"]

1. e4 c5 2. Nf3 Nc6 3. d4 cxd4 4. Nxd4 g6 5. c4 Bg7 6. Be3 Nf6 7. Nc3 0-0 8. Be2 d6 9. 0-0 Bd7 10. f3 Nxd4 11. Bxd4 a5 12. Rc1 Bc6 13. Nd5 Nd7 14. Bxg7 Kxg7 15. Qd4+ Kg8 16. Kh1 Bxd5 17. cxd5 Nc5 18. f4 Qd7 19. Rc3 Rfc8 20. b3 Na6 21. Rg3 Rc2 22. Bd3 Rxa2 23. f5 Nc5 24. fxg6 fxg6 25. Bb1 e5 26. dxe6 Nxe6 27. Qe3 Rb2 28. Qc1 Qb5 29. Bd3 Qe5 30. Bc4 Re8 31. Rg5 Rb1 32. Bxe6+ Rxe6 33. Qc8+ Re8 34. Rxb1 Rxc8 35. Rxe5 dxe5 36. Kg1 Rc2 37. Rd1 b5 38. Rd5 a4 39. bxa4 bxa4 40. Ra5 Kg7 41. Rxa4 Kf6 42. h4 Rc6 43. Kf2 h5 1/2-1/2

[Event "BOL-ch (Women)"]
[Site "Oruro"]
[Date "2024.04.04"]
[Round "2"]
[White "Yepez Montenegro, Gloria Luz"]
[Black "Gareca Ordonez, Carla Angelica"]
[Result "0-1"]
[WhiteElo "1796"]
[BlackElo "1748"]
[PlyCount "54"]
[EventDate "2024.04.03"]
[EventType "tourn"]
[EventRounds "7"]
[EventCountry "BOL"]
[SourceTitle "CB16_2024"]
[SourceDate "2024.04.17"]
[SourceVersion "1"]
[SourceVersionDate "2024.04.17"]
[SourceQuality "1"]

1. d4 c5 2. e3 Nf6 3. Nf3 g6 4. c3 Bg7 5. dxc5 a5 6. Nbd2 Na6 7. Be2 Nxc5 8. 0-0 0-0 9. Nb3 b6 10. Re1 Bb7 11. Nxc5 bxc5 12. Qc2 Qc7 13. h3 Rab8 14. b3 Qc6 15. Bb2 Ne4 16. Bf1 Qf6 17. Red1 Bc6 18. Rac1 Rb6 19. Ba1 Ng5 20. Nxg5 Qxg5 21. e4 Be5 22. c4 Bc7 23. Qc3 f6 24. Re1 Ra8 25. Rcd1 a4 26. Rd3 axb3 27. axb3 Be5 0-1

[Event "Santa Cruz op 8th"]
[Site "Santa Cruz"]
[Date "2024.01.13"]
[Round "5"]
[White "Zubieta Echalar, Rafaella"]
[Black "Gareca Ordonez, Carla Angelica"]
[Result "0-1"]
[WhiteElo "1342"]
[BlackElo "1634"]
[PlyCount "111"]
[EventDate "2024.01.11"]
[EventType "swiss"]
[EventRounds "7"]
[EventCountry "BOL"]
[SourceTitle "CB04_2024"]
[SourceDate "2023.10.16"]
[SourceVersion "1"]
[SourceVersionDate "2023.10.16"]
[SourceQuality "1"]

1. e4 c5 2. Nf3 Nc6 3. d4 cxd4 4. Nxd4 Nf6 5. Nc3 d6 6. f3 e5 7. Nb3 Be6 8. Be2 Be7 9. 0-0 0-0 10. Be3 Nh5 11. f4 Nxf4 12. Bxf4 exf4 13. Rxf4 Bg5 14. Rf1 Ne5 15. Kh1 Nc4 16. Bxc4 Bxc4 17. Rf3 Bf6 18. Nd2 Be6 19. Rd3 Be5 20. Nf3 Bg4 21. Qd2 Bxf3 22. Rxf3 Rc8 23. Raf1 Qa5 24. a3 Bxc3 25. Rxc3 Rxc3 26. Qxc3 Qxc3 27. bxc3 Re8 28. Rf4 Rc8 29. Rf3 Rc4 30. Kg1 Rxe4 31. Rd3 Re6 32. Rd4 Kf8 33. Rb4 Re7 34. Ra4 a6 35. Rd4 Rd7 36. Kf2 Ke7 37. Rh4 Rc7 38. Re4+ Kd7 39. Re3 Rc4 40. Rf3 f6 41. Rg3 g6 42. Rh3 h5 43. Rg3 Ra4 44. Rxg6 Rxa3 45. Ke2 Kc6 46. Kd3 Ra5 47. Rg3 Rc5 48. Rg7 Rg5 49. Rh7 a5 50. g3 b5 51. Ra7 a4 52. c4 bxc4+ 53. Kxc4 Rf5 54. Rxa4 Rf2 55. Kd3 Rxh2 56. Re4 0-1

[Event "Santa Cruz op 8th"]
[Site "Santa Cruz"]
[Date "2024.01.11"]
[Round "2"]
[White "Gareca Ordonez, Carla Angelica"]
[Black "Barros Jardi Arce, Sarai"]
[Result "1-0"]
[WhiteElo "1634"]
[BlackElo "1382"]
[PlyCount "79"]
[EventDate "2024.01.11"]
[EventType "swiss"]
[EventRounds "7"]
[EventCountry "BOL"]
[SourceTitle "CB04_2024"]
[SourceDate "2023.10.16"]
[SourceVersion "1"]
[SourceVersionDate "2023.10.16"]
[SourceQuality "1"]

1. e4 e6 2. d3 d5 3. Nd2 dxe4 4. dxe4 Nc6 5. Ngf3 Bc5 6. Bb5 Bd7 7. Nb3 Bb6 8. 0-0 a6 9. Bd3 Nge7 10. c3 Ng6 11. Qe2 e5 12. Rd1 0-0 13. Bg5 f6 14. Bc4+ Kh8 15. Be3 Bxe3 16. Qxe3 Qe7 17. h3 Be6 18. Bd5 Bxd5 19. exd5 Nd8 20. Nc5 b6 21. Nb3 Nb7 22. Nbd2 Nf4 23. Ne4 Nd6 24. Nxd6 Qxd6 25. Nh4 Nxd5 26. Qf3 Rad8 27. c4 e4 28. Qh5 Nf4 29. Ng6+ Kg8 30. Qg4 Qxd1+ 31. Rxd1 Nxg6 32. Rxd8 Rxd8 33. Qxe4 Ne5 34. f4 Nd3 35. Qe7 Rb8 36. Qxc7 Re8 37. Qxb6 Nxf4 38. Qxa6 Re1+ 39. Kh2 Re2 40. Qc8+ 1-0

[Event "Oruro Baptista Memorial"]
[Site "Oruro"]
[Date "2023.11.02"]
[Round "4"]
[White "Cuentas Molina, Adrian"]
[Black "Gareca Ordonez, Carla Angelica"]
[Result "0-1"]
[WhiteElo "1356"]
[BlackElo "1633"]
[PlyCount "64"]
[EventDate "2023.11.01"]
[EventType "swiss"]
[EventRounds "9"]
[EventCountry "BOL"]
[SourceTitle "Mega2024 Update 01"]
[Source "Chessbase"]
[SourceDate "2023.11.12"]
[SourceVersion "1"]
[SourceVersionDate "2023.11.12"]
[SourceQuality "1"]

1. e4 c5 2. c3 Nf6 3. e5 Nd5 4. d4 d6 5. Nf3 Nc6 6. Bc4 e6 7. 0-0 cxd4 8. cxd4 Nb6 9. Bb3 Be7 10. Be3 0-0 11. Nc3 d5 12. a3 Nd7 13. Bc2 f6 14. Qd3 f5 15. g4 Nb6 16. Kh1 Nc4 17. Bc1 g6 18. gxf5 Rxf5 19. b3 Rxf3 20. Qxf3 Nxd4 21. Qd3 Nxc2 22. Qxc2 Nxe5 23. Rg1 Bf6 24. Bh6 Bd7 25. Rg3 Bc6 26. Kg1 Bh4 27. Rh3 Ng4 28. Rf3 Nxh6 29. Qe2 Qg5+ 30. Kf1 e5 31. Rd1 Ng4 32. Rh3 Rf8 0-1

[Event "Cochabamba GP op 4th"]
[Site "Cochabamba"]
[Date "2023.09.08"]
[Round "3"]
[White "Gareca Ordonez, Carla Angelica"]
[Black "Crespo Ampuero, Jason"]
[Result "1-0"]
[WhiteElo "1575"]
[BlackElo "1123"]
[PlyCount "119"]
[EventDate "2023.09.07"]
[EventType "swiss"]
[EventRounds "7"]
[EventCountry "BOL"]
[SourceTitle "EXT 2024"]
[Source "ChessBase"]
[SourceDate "2023.10.10"]
[SourceVersion "1"]
[SourceVersionDate "2023.10.10"]
[SourceQuality "1"]

1. e4 e6 2. d3 c5 3. g3 g6 4. Bg2 Bg7 5. Nf3 Nf6 6. c3 0-0 7. 0-0 d5 8. e5 Nfd7 9. Re1 Nc6 10. Bg5 f6 11. exf6 Bxf6 12. Bh6 Re8 13. d4 Bg7 14. Bg5 Qb6 15. Qc1 cxd4 16. cxd4 Nxd4 17. Nc3 Nxf3+ 18. Bxf3 Bd4 19. Nxd5 Qxb2 20. Qxb2 Bxb2 21. Rab1 Be5 22. Ne7+ Kf7 23. Nxc8 Raxc8 24. Rxb7 Rc7 25. Rxc7 Bxc7 26. Bc6 h6 27. Be3 Rd8 28. Bxa7 Ne5 29. Be4 Rd2 30. Rc1 Bd6 31. a4 Ra2 32. Bc2 Ba3 33. Bb3 Bxc1 34. Bxa2 Nc6 35. Bb6 Bd2 36. Kg2 Ke7 37. Bc5+ Kd7 38. Kf3 Ne5+ 39. Ke4 Ng4 40. h4 Nf6+ 41. Ke5 Bc3+ 42. Bd4 Bxd4+ 43. Kxd4 Kd6 44. Bb1 g5 45. f4 gxf4 46. gxf4 Nd7 47. Bc2 e5+ 48. fxe5+ Nxe5 49. Ke4 Nc4 50. Bd3 Ne5 51. Be2 Nc6 52. Bb5 Na7 53. Kf5 Nxb5 54. axb5 Kc5 55. Kg6 Kxb5 56. Kxh6 Kc6 57. Kg7 Kd6 58. h5 Ke6 59. h6 Kf5 60. h7 1-0

[Event "Cochabamba Hurtado Memorial"]
[Site "Cochabamba"]
[Date "2023.08.07"]
[Round "7"]
[White "Gareca Ordonez, Carla Angelica"]
[Black "Castellanos Villela, Alejandro"]
[Result "0-1"]
[WhiteElo "1579"]
[BlackElo "2175"]
[PlyCount "56"]
[EventDate "2023.08.04"]
[EventType "swiss"]
[EventRounds "7"]
[EventCountry "BOL"]
[SourceTitle "CBM 215 Extra"]
[Source "ChessBase"]
[SourceDate "2023.09.30"]
[SourceVersion "1"]
[SourceVersionDate "2023.09.30"]
[SourceQuality "1"]

1. d4 Nf6 2. g3 e6 3. Bg2 c5 4. dxc5 Bxc5 5. Nf3 0-0 6. 0-0 d5 7. c4 Nc6 8. Bg5 d4 9. Nbd2 e5 10. Bxf6 Qxf6 11. Ne4 Qe7 12. Nxc5 Qxc5 13. Nd2 Bg4 14. h3 Bh5 15. g4 Bg6 16. a3 a5 17. Qb3 Qe7 18. e3 a4 19. Qb5 Ra5 20. Qb6 Ra6 21. Qb5 Rfa8 22. Qd5 dxe3 23. Ne4 e2 24. Rfe1 Nd4 25. Rac1 Rb6 26. f4 Rd8 27. Qxe5 Re6 28. Qa5 Bxe4 0-1

[Event "Cochabamba Hurtado Memorial"]
[Site "Cochabamba"]
[Date "2023.08.05"]
[Round "3"]
[White "Gareca Ordonez, Carla Angelica"]
[Black "Filipps, Yamil"]
[Result "0-1"]
[WhiteElo "1579"]
[BlackElo "2078"]
[PlyCount "64"]
[EventDate "2023.08.04"]
[EventType "swiss"]
[EventRounds "7"]
[EventCountry "BOL"]
[SourceTitle "CBM 215 Extra"]
[Source "ChessBase"]
[SourceDate "2023.09.30"]
[SourceVersion "1"]
[SourceVersionDate "2023.09.30"]
[SourceQuality "1"]

1. e4 c5 2. Nf3 Nc6 3. d4 cxd4 4. Nxd4 e5 5. Nb5 d6 6. c4 Be6 7. N1c3 a6 8. Na3 g6 9. Nc2 Bg7 10. Be3 Nf6 11. Be2 0-0 12. 0-0 Rc8 13. f3 Nh5 14. Qd2 Nf4 15. Rad1 Nxe2+ 16. Nxe2 Bxc4 17. Rf2 Bxa2 18. Nc3 Bb3 19. Qxd6 Nd4 20. Qa3 Bxc2 21. Rxc2 Nxc2 22. Qa4 Nd4 23. Nd5 Rc5 24. f4 b5 25. Qb4 Rxd5 26. exd5 Qxd5 27. Rd2 Qe4 28. Kf2 Re8 29. h3 h5 30. fxe5 Qf5+ 31. Kg1 Qb1+ 32. Kf2 Nc2 0-1

[Event "BOL-ch U20 Girls"]
[Site "Cochabamba"]
[Date "2022.05.14"]
[Round "4"]
[White "Gareca Ordonez, Carla Angelica"]
[Black "Gareca Ordonez, Laura"]
[Result "1-0"]
[WhiteElo "1332"]
[BlackElo "1346"]
[PlyCount "85"]
[EventDate "2022.05.13"]
[EventType "swiss"]
[EventRounds "7"]
[EventCountry "BOL"]
[SourceTitle "EXT 2023"]
[Source "ChessBase"]
[SourceDate "2022.10.05"]
[SourceVersion "1"]
[SourceVersionDate "2022.10.05"]
[SourceQuality "1"]

1. Nf3 d5 2. d4 Nf6 3. c4 e6 4. Bg5 Nbd7 5. Nc3 c6 6. g3 b6 7. Bg2 Bb7 8. e4 dxe4 9. Nxe4 Be7 10. Nxf6+ Bxf6 11. Be3 0-0 12. 0-0 Rc8 13. Qa4 a6 14. Rfd1 b5 15. Qb3 Qe7 16. Rac1 Rfd8 17. a4 Rb8 18. Bf4 bxa4 19. Qxa4 Rbc8 20. c5 Qe8 21. Bd2 Nf8 22. Ba5 Rd7 23. Ne5 Bxe5 24. dxe5 Qe7 25. Rd6 Rxd6 26. exd6 Qd7 27. Rc4 e5 28. Rb4 Ne6 29. Bh3 Re8 30. Bxe6 Rxe6 31. Bc7 Bc8 32. Rb6 Qe8 33. Qxc6 Qxc6 34. Rxc6 f5 35. Bd8 Bb7 36. Rc7 Re8 37. Rxb7 Rxd8 38. c6 Rxd6 39. c7 Rd1+ 40. Kg2 Rc1 41. Rb8+ Kf7 42. c8Q Rxc8 43. Rxc8 1-0

[Event "Oruro op 8th"]
[Site "Oruro"]
[Date "2022.05.06"]
[Round "4"]
[White "Gareca Ordonez, Carla Angelica"]
[Black "Coro, Renan"]
[Result "0-1"]
[WhiteElo "1332"]
[BlackElo "1893"]
[PlyCount "110"]
[EventDate "2022.05.05"]
[EventType "swiss"]
[EventRounds "7"]
[EventCountry "BOL"]
[SourceTitle "CBM 208 Extra"]
[Source "ChessBase"]
[SourceDate "2022.07.31"]
[SourceVersion "1"]
[SourceVersionDate "2022.07.31"]
[SourceQuality "1"]

1. d4 Nf6 2. Bg5 c6 3. Nd2 d5 4. e3 Bf5 5. Ngf3 Nbd7 6. Be2 e6 7. c4 Qb6 8. Qb3 h6 9. Bh4 g5 10. Bg3 Qxb3 11. axb3 Bb4 12. h4 g4 13. Ne5 Ne4 14. 0-0-0 Nxg3 15. fxg3 Nxe5 16. dxe5 h5 17. Nb1 Ba5 18. Bd3 Bh7 19. Nc3 Bc7 20. e4 dxc4 21. bxc4 Bxe5 22. Ne2 Ke7 23. Kc2 f6 24. Ra1 a6 25. Nf4 Bxf4 26. gxf4 Rad8 27. Ra3 Rd4 28. Re1 Rhd8 29. c5 e5 30. f5 Bg8 31. Re3 Bc4 32. Rc3 Bxd3+ 33. Rcxd3 Rc4+ 34. Rc3 Rdd4 35. b3 Rxc3+ 36. Kxc3 Rd1 37. Kc2 Rg1 38. g3 a5 39. Kb2 Kd7 40. Rd3+ Kc7 41. Rd6 Rxg3 42. Rxf6 Re3 43. Rg6 Rxe4 44. f6 Rf4 45. Rg7+ Kd8 46. Re7 e4 47. Kc3 g3 48. Rg7 Rg4 49. Rxb7 Ke8 50. Kd4 g2 51. Ke5 g1Q 52. Ke6 Kd8 53. Rd7+ Kc8 54. f7 Rg6+ 55. Ke7 Qxc5+ 0-1

[Event "South America-ch U18 Girls 17th"]
[Site "Guayaquil"]
[Date "2022.01.29"]
[Round "7"]
[White "Gareca Ordonez, Carla Angelica"]
[Black "Contreras Huaman, Fiorella Daiana"]
[Result "0-1"]
[WhiteElo "1327"]
[BlackElo "1949"]
[PlyCount "102"]
[EventDate "2022.01.25"]
[EventType "swiss"]
[EventRounds "9"]
[EventCountry "ECU"]
[SourceTitle "CBM 206 Extra"]
[Source "ChessBase"]
[SourceDate "2022.03.31"]
[SourceVersion "1"]
[SourceVersionDate "2022.03.31"]
[SourceQuality "1"]

1. e4 c6 2. d4 d5 3. exd5 cxd5 4. c4 Nf6 5. Nc3 g6 6. Nf3 Bg7 7. cxd5 0-0 8. Bc4 a6 9. 0-0 b5 10. Bb3 Bb7 11. Re1 b4 12. Na4 Bxd5 13. Nc5 Nc6 14. Ne5 Rc8 15. Nxc6 Rxc6 16. Bd2 Bxb3 17. Nxb3 Nd5 18. Rc1 Rd6 19. Qe2 Qb6 20. Qc4 a5 21. a4 e6 22. Qc5 Ra8 23. Be3 Qd8 24. Qb5 Rb6 25. Qc5 Bf8 26. Qc2 Bd6 27. Qe4 Rbb8 28. Nc5 Qe8 29. Bh6 Qe7 30. Nd3 Rc8 31. Nf4 Rxc1 32. Rxc1 Qh4 33. Nxd5 Qxh6 34. Nf6+ Kg7 35. Rc2 Qxh2+ 36. Kf1 Rd8 37. Ng4 Qf4 38. Qe2 Qxd4 39. Rd2 Qc5 40. Qf3 Be7 41. Rxd8 Bxd8 42. Qf4 Bg5 43. Qe5+ Qxe5 44. Nxe5 Bd8 45. Ke2 Bc7 46. Nc6 h5 47. Kd3 g5 48. Kc4 h4 49. f3 f5 50. Kb5 g4 51. Nxa5 h3 0-1

[Event "South America-ch U18 Girls 17th"]
[Site "Guayaquil"]
[Date "2022.01.26"]
[Round "2"]
[White "Alvarez Dominguez, Hellen Melissa"]
[Black "Gareca Ordonez, Carla Angelica"]
[Result "1-0"]
[WhiteElo "1419"]
[BlackElo "1327"]
[PlyCount "111"]
[EventDate "2022.01.25"]
[EventType "swiss"]
[EventRounds "9"]
[EventCountry "ECU"]
[SourceTitle "CBM 206 Extra"]
[Source "ChessBase"]
[SourceDate "2022.03.31"]
[SourceVersion "1"]
[SourceVersionDate "2022.03.31"]
[SourceQuality "1"]

1. e4 e6 2. d4 d5 3. Nd2 Nf6 4. e5 Nfd7 5. Ngf3 c5 6. c3 Nc6 7. Be2 Qb6 8. Nb3 Be7 9. 0-0 0-0 10. Qc2 c4 11. Nbd2 Qc7 12. b3 b5 13. bxc4 bxc4 14. Ne1 Qa5 15. f4 Nb6 16. Rf3 f5 17. Rh3 g6 18. Nf1 Nxd4 19. cxd4 Qxe1 20. Rb1 Qa5 21. g4 Bd7 22. gxf5 Ba4 23. Qb2 gxf5 24. Bh5 Kh8 25. Bg6 Kg7 26. Rxh7+ Kxg6 27. Rxe7 Rg8 28. Kh1 Kh6 29. Qf2 Bd1 30. Qh4+ Bh5 31. Rxe6+ Rg6 32. Rxg6+ Kxg6 33. Qg5+ Kf7 34. Qxh5+ Ke6 35. Qg6+ Ke7 36. Qxf5 Qc3 37. Qh7+ Kd8 38. Qg8+ Kc7 39. Qf7+ Kc6 40. Qe6+ Kc7 41. Qd6+ Kb7 42. Qxd5+ Kc7 43. Qc5+ Kb7 44. Qe7+ Kc6 45. Qf6+ Kb7 46. Qg7+ Kc6 47. Qg6+ Kc7 48. Qg7+ Kc6 49. Qg2+ Kc7 50. Be3 Rd8 51. Rb5 Qd3 52. Rc5+ Kb8 53. e6 c3 54. f5 c2 55. Bf4+ Rd6 56. Bxd6# 1-0